| 000 | 00493nam a2200181Ia 4500 | ||
|---|---|---|---|
| 001 | 17787 | ||
| 005 | 20260306171543.0 | ||
| 008 | 260306s9999||||xx |||||||||||||| ||und|| | ||
| 041 | _aESP | ||
| 082 |
_a658.16 _bT69 |
||
| 100 |
_aTomás, David _eAUT |
||
| 245 | 0 |
_aLa empresa más feliz del mundo: _blas 11 claves para reinventar tu profesión y disfrutar del trabajo |
|
| 260 | _c2015 | ||
| 300 |
_a159 páginas : _c21 cm. |
||
| 650 | _aGEN | ||
| 654 | _aCAN | ||
| 942 |
_cLIB _dJUS _fJUS _2ddc _n |
||
| 999 |
_c17787 _d17787 |
||